A Magyar Birodalom leirasa [leírása!] különös tekintettel az 1876. XXXIII. törv.-cikkre

Elmentve itt :
Bibliográfiai részletek
Szerzők: Ballagi Károly
Király Pál
Dokumentumtípus: Cikk
Megjelent: 1877
Sorozat:Kolligátum
Kulcsszavak:Magyarország története - 19. sz.
Online Access:http://misc.bibl.u-szeged.hu/23990
LEADER 00643nab a2200181 i 4500
001 misc23990
005 20191108150519.0
008 170824s1877 hu o 0|| zxx d
040 |a SZTE Miscellanea Repozitórium  |b hun 
041 |a zxx 
100 1 |a Ballagi Károly 
245 1 2 |a A Magyar Birodalom leirasa [leírása!] különös tekintettel az 1876. XXXIII. törv.-cikkre  |h [elektronikus dokumentum] /  |c  Ballagi Károly 
260 |c 1877 
300 |a 1-262 
490 0 |a Kolligátum 
695 |a Magyarország története - 19. sz. 
700 0 1 |a Király Pál  |e aut 
856 4 0 |u http://misc.bibl.u-szeged.hu/23990/1/010_020_001-262.pdf  |z Dokumentum-elérés